Premier League players from former Yugoslavia - Statistics

General Stats
  • This quiz has been taken 242 times
    17 since last reset
  • The average score is 29 of 93
Answer Stats
Country Answer Teams played for % Correct
Bosnia and Herzegovina Edin Džeko Manchester City
94%
Croatia Luka Modrić Tottenham
94%
Serbia Branislav Ivanović Chelsea, West Bromwich Albion
88%
Croatia Mateo Kovačić Chelsea, Manchester City*
88%
Serbia Nemanja Vidić Manchester United
88%
Montenegro Stefan Savić Manchester City
81%
Serbia Aleksandar Kolarov Manchester City
69%
Croatia Joško Gvardiol Manchester City*
69%
Serbia Aleksandar Mitrović Newcastle, Fulham
63%
Bosnia and Herzegovina Asmir Begović Portsmouth, Stoke, Chelsea, Bournemouth, Everton
63%
Croatia Dejan Lovren Southampton, Liverpool
63%
Serbia Nemanja Matić Chelsea, Manchester United
63%
Croatia Vedran Ćorluka Manchester City, Tottenham
63%
Croatia Davor Šuker Arsenal, West Ham
56%
Bosnia and Herzegovina Sead Kolašinac Arsenal
56%
Montenegro Stevan Jovetić Manchester City
56%
Slovenia Benjamin Šeško Manchester United*
50%
Serbia Dušan Tadić Southampton
50%
Serbia Nikola Milenković Nottingham Forest*
50%
Croatia Andrej Kramarić Leicester City
44%
Croatia Ivan Perišić Tottenham
44%
Serbia Luka Milivojević Crystal Palace
44%
Croatia Niko Kranjčar Portsmouth, Tottenham, QPR
44%
Croatia Nikola Kalinić Blackburn
44%
Serbia Saša Lukić Fulham*
44%
Croatia Slaven Bilić West Ham, Everton
44%
Serbia Đorđe Petrović Chelsea, Bournemouth*
38%
Croatia Nikica Jelavić Everton, Hull City, West Ham
38%
Serbia Radosav Petrović Blackburn
38%
Serbia Savo Milošević Aston Villa
38%
Croatia Borna Sosa Crystal Palace*
31%
North Macedonia Ezgjan Alioski Leeds
31%
Croatia Igor Bišćan Liverpool
31%
Slovenia Jon Gorenc Stanković Huddersfield
31%
Serbia Lazar Marković Liverpool, Hull City, Fulham
31%
Croatia Mario Stanić Chelsea
31%
Serbia Mateja Kežman Chelsea
31%
Serbia Matija Nastasić Manchester City
31%
Croatia Mislav Oršić Southampton
31%
Serbia Nikola Žigić Birmingham
31%
Croatia Alen Bokšić Middlesbrough
25%
Bosnia and Herzegovina Anel Ahmedhodžić Sheffield United
25%
Serbia Darko Kovačević Sheffield Wednesday
25%
Croatia Igor Štimac Derby County, West Ham
25%
Croatia Ivan Klasnić Bolton
25%
Serbia Marko Grujić Liverpool
25%
Serbia Milan Jovanović Liverpool
25%
Kosovo Milot Rashica Norwich City
25%
Bosnia and Herzegovina Muhamed Bešić Everton, Sheffield United
25%
Croatia Nikola Vlašić Everton, West Ham
25%
Serbia Saša Ćurčić Bolton, Aston Villa, Crystal Palace
25%
Serbia Saša Ilić Charlton, West Ham
25%
Croatia Aljoša Asanović Derby County
19%
Kosovo Arijanet Murić Burnley, Ipswich
19%
Kosovo Bersant Celina Manchester City
19%
Croatia Boško Balaban Aston Villa
19%
Croatia Duje Ćaleta-Car Southampton
19%
Croatia Eduardo Alves da Silva Arsenal
19%
Croatia Filip Krovinović West Bromwich Albion
19%
Kosovo Florent Hadergjonaj Huddersfield
19%
Slovenia Jaka Bijol Leeds*
19%
Serbia Miloš Veljković Tottenham
19%
Croatia Mladen Petrić Fulham, West Ham
19%
Serbia Nenad Milijaš Wolverhampton
19%
Serbia Zoran Tošić Manchester United
19%
Croatia Boris Živković Portsmouth
13%
Serbia Dejan Stefanović Sheffield Wednesday, Portsmouth, Fulham
13%
Montenegro Elsad Zverotić Fulham
13%
Serbia Filip Đuričić Southampton
13%
North Macedonia Gjorgji Hristov Barnsley
13%
North Macedonia Goce Sedloski Sheffield Wednesday
13%
Serbia Goran Bunjevčević Tottenham
13%
North Macedonia Goran Popov West Bromwich Albion
13%
Slovenia Haris Vučkić Newcastle
13%
Croatia Ivica Mornar Portsmouth
13%
Croatia Ivo Grbić Sheffield United
13%
Serbia Jovo Bosančić Barnsley
13%
Bosnia and Herzegovina Mario Vrančić Norwich City
13%
Slovenia Milenko Ačimovič Tottenham
13%
Serbia Ognjen Koroman Portsmouth
13%
Slovenia Robert Koren West Bromwich Albion, Hull City
13%
Croatia Silvio Marić Newcastle
13%
Montenegro Simon Vukčević Blackburn
13%
Serbia Slaviša Jokanović Chelsea
13%
Serbia Veljko Milosavljević Bournemouth*
13%
Serbia Vladimir Stojković Wigan
13%
Serbia Zvonimir Vukić Portsmouth
13%
Slovenia Aleksandar Rodić Portsmouth
6%
Slovenia Aleš Križan Barnsley
6%
North Macedonia Artim Šakiri West Bromwich Albion
6%
Serbia Kosta Nedeljković Aston Villa
6%
Bosnia and Herzegovina Muhamed Konjić Coventry City
6%
Croatia Nikola Jerkan Nottingham Forest
6%
No matching quizzes found
Score Distribution
Percent of People with Each Score
Percentile by Number Answered
Your Score History
You have not taken this quiz since the last reset